000 00490pab a2200181 454500
008 180718b2001 xxu||||| |||| 00| 0 eng d
100 _aNayar, Kuldip
245 _aLet's go back to the future of Kashmir: long haul to peace
260 _c2001
300 _ap.8
362 _a17 Jul
650 _aAgra summit
650 _aIndia - Foreign relations - Pakistan
650 _aInternational relations
650 _aPolitics and government
773 _aIndian Express
909 _a50508
999 _c50508
_d50508